00641nam a22002057a 450000100060000000300080000600500170001400800410003103500190007204000260009104100080011708200240012510000200014924500810016926000600025030000320031050000310034260000430037365000190041677455BD-RjUL20211209082955.0200920r19641891enk||||| |||| 00| 0 eng d a(BD-RjUL)77680 aBD-RjULbengcBD-RjUL aeng 223a821.8bTEE 1964 aTennyson, Lord 10aEnoch Arden /cby Lord Tennyson ; with introductions and notes by W.T. Webb. aLondon :bMacmillan, c1891 [reprinted 1936,1960, 1964] axxxvii, 60 pages ; c18 cm. aOriginally published 1891. aTennyson, Alfred Tennyson, d1809-1892 aEnglish poetry